[Event "2nd Guotai Cup Belt Road 2019"]
[Site "Qinhuangdao"]
[Date "2019.04.21"]
[Round "6.3"]
[White "Zvjaginsev, Vadim"]
[Black "Can, Emre"]
[Result "1/2-1/2"]
[WhiteElo "2641"]
[BlackElo "2599"]
[Annotator "TA"]
[PlyCount "41"]
[EventDate "2019.04.16"]
[EventType "swiss"]
[EventCountry "CHN"]
[SourceTitle "playchess.com"]
[Source "ChessBase"]
[SourceQuality "1"]

{[%evp 9,41,22,18,16,43,20,54,-2,6,14,37,50,35,40,50,37,54,32,44,37,41,0,0,-322,-341,-355,-323,-316,-12,-8,-10,-17,-23,-16]} 1. e4 c5 2. c3 Nf6 3. e5 Nd5 4. Bc4 Nb6 5. Bb3 g6 (5... Nc6 6. Nf3 d5 7. exd6 Qxd6 8. Na3 Be6 9. O-O Bxb3 10. Qxb3 e6 11. d4 cxd4 12. Nb5 Qd7 13. Nbxd4 {½-½ (13) Salgado Lopez,I (2629)-Mamedov,R (2703) St Petersburg 2018}) 6. d4 {B22: Sicilian: 2 c3} cxd4 7. Qxd4 $146 ({Predecessor:} 7. cxd4 Bg7 8. Nc3 d6 9. f4 dxe5 10. fxe5 Nc6 11. Nf3 Bg4 12. Be3 O-O 13. O-O Nb4 14. h3 {0-1 (41) Shirazi,K (2445)-Dourerassou,J (2416) Paris 2011}) 7... Bg7 8. Qe4 (8. Qf4 $14 O-O 9. Nf3) 8... Nc6 9. Nf3 O-O 10. O-O d5 11. exd6 $1 Qxd6 12. Rd1 Qc7 13. Na3 a6 14. Qh4 Na5 15. Bh6 {Black must now prevent Ng5.} Nxb3 16. Ng5 $2 {[%mdl 8192] [#]} (16. Bxg7 $11 {and White has nothing to worry.} Kxg7 17. axb3) 16... f6 $1 $19 {[%cal Rf6g5]} ({Weaker is} 16... Nxa1 17. Bxg7 h5 18. Bxf8 $15) 17. Bxg7 {[%csl Gg5][%cal Rh4h7]} fxg5 18. Qh6 Nc5 $2 ({Wrong is} 18... Rf7 $2 19. Be5 $18) (18... Nxa1 $19 19. Bxf8 Qe5 20. Rxa1 Bf5 21. Qxg5 Rxf8) 19. Bxf8 $11 {[%csl Gf8][%cal Rh6g7]} Ne6 20. Re1 {[#] White wants to mate with Rxe6!} Nxf8 21. Qxg5 {Accuracy: White = 48%, Black = 60%.} 1/2-1/2

[Event "2nd Guotai Cup Belt Road 2019"]
[Site "Qinhuangdao"]
[Date "2019.04.21"]
[Round "6.4"]
[White "Lu, Shanglei"]
[Black "Yilmaz, Mustafa"]
[Result "1/2-1/2"]
[WhiteElo "2625"]
[BlackElo "2631"]
[Annotator "TA"]
[PlyCount "40"]
[EventDate "2019.04.16"]
[EventType "swiss"]
[EventCountry "CHN"]
[SourceTitle "playchess.com"]
[Source "ChessBase"]
[SourceQuality "1"]

{[%evp 14,40,36,20,32,4,8,0,0,0,0,0,0,-6,-10,-17,-10,-10,-1,-3,-10,-10,-10,-9,-17,-15,-9,-14,-9]} 1. e4 c5 2. Nf3 d6 3. d4 cxd4 4. Nxd4 Nf6 5. Nc3 a6 6. h3 e6 7. g4 h6 8. Bg2 Be7 {B81: Sicilian Scheveningen: Keres Attack} (8... g5 9. Be3 Nbd7 10. Qe2 Ne5 11. O-O-O Nfd7 12. h4 Rg8 13. hxg5 hxg5 14. Kb1 b5 15. f4 gxf4 16. Bxf4 Bb7 {½-½ (56) Karjakin,S (2773)-Mamedyarov,S (2801) Saint Louis 2018}) 9. Qe2 $146 ({Predecessor:} 9. Be3 Nc6 {½-½ (65) Martin Duque,J (2347)-Van den Doel,E (2610) Prague 2019}) 9... Nc6 {The position is equal.} 10. Be3 Nxd4 11. Bxd4 e5 12. Be3 b5 {[%cal Bb7b5,Bb5b4][%mdl 32]} 13. O-O-O b4 14. Nd5 Nxd5 15. exd5 O-O 16. Be4 a5 17. Kb1 Bg5 18. h4 Bxe3 19. fxe3 f5 20. gxf5 Bxf5 1/2-1/2

[Event "2nd Guotai Cup Belt Road 2019"]
[Site "Qinhuangdao"]
[Date "2019.04.21"]
[Round "6.5"]
[White "Xu, Yinglun"]
[Black "Chen, Qi b"]
[Result "1/2-1/2"]
[WhiteElo "2532"]
[BlackElo "2424"]
[Annotator "TA"]
[PlyCount "40"]
[EventDate "2019.04.16"]
[EventType "swiss"]
[EventCountry "CHN"]
[SourceTitle "playchess.com"]
[Source "ChessBase"]
[SourceQuality "1"]

{[%evp 20,40,9,8,22,17,12,0,0,0,0,0,0,0,0,0,6,-23,-14,-22,-17,-22,-23]} 1. Nf3 Nf6 2. c4 e6 3. Nc3 d5 4. d4 Nbd7 5. Bg5 h6 6. Bh4 Be7 7. e3 O-O 8. Bd3 dxc4 9. Bxc4 c5 10. O-O a6 11. a4 Nb6 {[%cal Bd7b6,Bb6d5,Bd5b4][%mdl 32] [#] aiming for ...cxd4. D60: Queen's Gambit Declined: Classical: Unusual White 7th moves} (11... cxd4 12. Nxd4 Nb6 13. Be2 Nbd5 14. Nxd5 Nxd5 15. Bxe7 Qxe7 16. Qb3 b6 17. Bf3 Bb7 18. Nf5 exf5 19. Bxd5 Bxd5 20. Qxd5 {½-½ (33) Nakamura,H (2769)-Carlsen,M (2843) Stavanger 2018}) 12. Ba2 cxd4 13. exd4 Nbd5 14. Re1 Nb4 15. Bb3 Bd7 16. Ne5 Bc6 17. Rc1 $146 ({Predecessor:} 17. Qd2 Bd5 18. Nxd5 Nbxd5 19. Qd3 Rc8 20. Rad1 {1-0 (41) Kotov,A-Pirc,V Saltsjobaden 1948}) 17... Bd5 18. Nxd5 Nfxd5 19. Bg3 Bg5 20. Rc4 Rc8 1/2-1/2

[Event "2nd Guotai Cup Belt Road 2019"]
[Site "Qinhuangdao"]
[Date "2019.04.21"]
[Round "6.6"]
[White "Oleksiyenko, Mykhaylo"]
[Black "Peng, Hongchi"]
[Result "1-0"]
[WhiteElo "2598"]
[BlackElo "2347"]
[Annotator "TA"]
[PlyCount "87"]
[EventDate "2019.04.16"]
[EventType "swiss"]
[EventCountry "CHN"]
[SourceTitle "playchess.com"]
[Source "ChessBase"]
[SourceQuality "1"]

{[%evp 24,89,24,0,0,0,0,0,0,0,7,0,0,0,31,41,45,53,50,39,77,82,100,116,130,121,122,97,162,118,164,162,183,133,165,150,199,190,200,192,243,246,243,229,239,239,216,197,325,317,314,302,346,322,422,439,531,529,545,570,676,571,583,556,637,568,664,508]} 1. e4 c5 2. Nf3 d6 3. d4 cxd4 4. Nxd4 Nf6 5. Nc3 a6 6. Be2 e6 7. O-O Be7 8. f4 O-O 9. Be3 Nc6 10. a4 Qc7 11. Kh1 Bd7 12. Nb3 b6 13. g4 d5 {B85: Sicilian Scheveningen: 6 Be2 a6, lines with early Be3} (13... Bc8 14. g5 Nd7 15. Bf3 Bb7 16. Bg2 Rfe8 17. Rf3 Bf8 18. Rh3 g6 19. Qe1 Nb4 20. Qf2 Nc5 21. Rf1 d5 22. Bd4 h5 23. gxh6 Kh7 24. Bg7 Bd6 25. e5 {1-0 (62) Ganguly,S (2668)-Pichot,A (2544) Doha 2016}) 14. e5 Ne4 15. Nxe4 dxe4 {The position is equal.} 16. c3 Rfd8 17. Nd2 Na5 $146 ({Predecessor:} 17... Be8 18. b4 g5 19. Qe1 Nxb4 20. cxb4 Bxb4 21. Ra2 gxf4 22. Bxf4 {0-1 (39) Palac,M (2350)-Semkov,S (2460) Cannes 1989}) 18. Qc2 Bc5 (18... Bc6 $5 {[%cal Rd8d3]} 19. Nxe4 Nb3 $11) 19. Bxc5 bxc5 20. Nxe4 Bc6 21. Bf3 $36 {[%mdl 2048] Black must now prevent b4. White fights for an advantage.} Nc4 {[#]} 22. Qe2 $1 {[%cal Re2c4]} Nb6 23. a5 Nd5 24. Bg2 ({Much worse is} 24. Nxc5 $6 Nxf4 25. Qf2 (25. Nxa6 $2 Qc8 $19) 25... Rd5 $11) 24... Rab8 25. Nd6 Ne7 (25... f6 $16) 26. Rf2 Bxg2+ 27. Kxg2 Qc6+ 28. Qf3 Qxf3+ 29. Kxf3 Nc6 30. g5 Kf8 31. Ra4 f6 (31... Rb3 $142 32. Rc4 Nxa5) 32. Ne4 $18 fxe5 33. Nxc5 Ke7 34. Nxa6 Rb5 35. Nb4 Na7 (35... Nxb4 {was necessary.} 36. cxb4 (36. Rxb4 Rxa5 37. Rb7+ Rd7 $16) 36... exf4) 36. h4 exf4 37. Kxf4 Rd1 38. Kg3 Re5 39. Nc2 {White is clearly winning.} Rg1+ 40. Kh2 Rb1 41. Nd4 Kd6 42. a6 Ree1 43. Rb4 Ra1 44. Rb6+ {Played: Rb4-b7} 1-0

[Event "2nd Guotai Cup Belt Road 2019"]
[Site "Qinhuangdao"]
[Date "2019.04.21"]
[Round "6.7"]
[White "Nie, Xinyang"]
[Black "Wang, Hao"]
[Result "0-1"]
[WhiteElo "2346"]
[BlackElo "2726"]
[Annotator "TA"]
[PlyCount "114"]
[EventDate "2019.04.16"]
[EventType "swiss"]
[EventCountry "CHN"]
[SourceTitle "playchess.com"]
[Source "ChessBase"]
[SourceQuality "1"]

{[%evp 12,114,33,29,47,35,40,15,19,21,16,10,26,24,24,17,18,0,17,-3,-3,-8,-1,-7,-8,-13,14,-22,-22,-26,-22,-27,0,-27,-19,-20,-20,-17,-8,-27,-20,-42,-20,-20,-20,-20,-20,-134,-134,-147,-140,-147,-154,-153,-158,-156,-153,-139,-110,-115,-106,-109,-118,-148,-148,-148,-148,-147,-87,-88,-37,-37,0,0,0,-37,-36,-38,-41,-322,-328,-322,-314,-314,-306,-4195,-1739,-29986,0,-576,-575,-552,-503,-12847,-12847,-12846,-12848,-12841,-12847,-5106,-6095,-1419,-1384,-1384,-1377]} 1. d4 Nf6 2. c4 e6 3. Nf3 d5 4. Bg5 $146 ({Predecessor:} 4. Nc3 Nbd7 5. cxd5 exd5 6. Bg5 c6 7. e3 h6 8. Bh4 g5 9. Bg3 {0-1 (60) Parligras,M (2645)-Nisipeanu,L (2674) Bucharest 2018}) 4... c6 5. e3 Nbd7 6. Nc3 h6 7. Bh4 g5 {D51: Queen's Gambit Declined: 4 Bg5 Nbd7 sidelines} 8. Bg3 Nh5 $1 9. cxd5 exd5 {The position is equal.} 10. Bd3 Nxg3 11. hxg3 Bg7 12. Qc2 Nb6 13. O-O-O Be6 14. Kb1 Qe7 15. Nd2 O-O-O 16. Nb3 Kb8 17. Nc5 Bc8 18. N3a4 Rhf8 19. Nxb6 axb6 20. Na4 b5 21. Nb6 Bg4 22. f3 Ka7 (22... Qxe3 23. Bxb5 Qe8 24. Ba4 $16 (24. fxg4 cxb5 25. Rhe1 Qc6 $11)) 23. fxg4 {Strongly threatening Qc5.} Kxb6 24. Rhe1 Rfe8 25. Qf2 Ra8 26. Bc2 Qb4 27. Rd3 Re7 28. Rb3 Qd6 $1 29. e4 (29. Rf1 $11) 29... dxe4 $17 30. d5+ e3 $1 {[%cal Re3f2]} 31. Qf3 Bd4 ({Resist} 31... cxd5 32. Rexe3 Rxe3 33. Qxe3+ Qc5 34. Qc1 $15) 32. Bd3 {intending dxc6.} Re5 33. dxc6 bxc6 34. Rc1 f6 35. Be2 Ra4 36. Qf1 Rb4 37. Qd1 Rd5 {Threatens to win with ...Bxb2!} 38. Rxb4 Qxb4 {[%csl Gd4][%cal Rb4b2]} 39. Qb3 Qd2 (39... Qxb3 $142 40. axb3 Rd6) 40. Bf3 Rd6 ({Black should play} 40... Rc5 $1 $17 {[%cal Rc5c1]} 41. Rxc5 Bxc5) 41. Rc2 $1 $15 {[%cal Rc2d2]} Qe1+ $40 {[%mdl 128] Black is up to no good.} 42. Rc1 Qd2 {White must now prevent ...e2.} 43. Rc2 $1 {[%cal Rc2d2]} Qa5 44. Qg8 {Intending Qb8+ and mate.} Qa7 45. Rxc6+ $2 {[%mdl 8192]} ({White should try} 45. Qf8 $15 Be5 46. Qc8) 45... Rxc6 $19 46. Qd8+ Ka6 47. Bxc6 {b4 is the strong threat.} e2 {( -> ...Qh7+)} 48. Qe8 $2 (48. Bxb5+ Kxb5 49. Qe8+ Ka5 50. Qxe2) 48... Qh7+ $1 49. Ka1 e1=Q+ (49... Qd3 $142 50. Qa8+ Kb6 51. Qb8+ Kxc6 52. Qc8+ Kb6 53. Qd8+ Ka6 54. Qd6+ Ka5 55. Qd8+ Ka4 56. Qa8+ Kb4 57. a3+ {[#]} Kb3 $1 {[%mdl 512]} 58. Qd5+ Qc4 59. Qf3+ Bc3 $1 {[%mdl 512]} 60. Qe3 {[%mdl 64] Pin} e1=Q+ 61. Qxe1 Bxb2+ {[%mdl 64] Double Attack} 62. Kb1 Qd3#) 50. Qxe1 {[#] aiming for Qe2.} Qc2 $1 {[%csl Gc2,LRb2,LRc6][%cal Rd4b2][%mdl 576] Double Attack. Black is clearly winning.} 51. Bxb5+ Kxb5 {[%csl Gc2][%cal Rd4b2]} 52. Qe8+ {[#]} (52. a4+ $142 Kxa4 53. Qe8+ Kb4 54. Qe1+ Kb5 55. Qf1+ Kb6 56. Qb1 Qxg2 57. Ka2) 52... Kc4 $1 {[%csl Gc2][%cal Rd4b2]} 53. Qc6+ {[#]} Kd3 $1 {[%csl Gc2][%cal Rd4b2]} 54. Qb5+ Qc4 55. Qxc4+ Kxc4 56. Kb1 Kd3 57. a3 Be5 {Accuracy: White = 51%, Black = 64%.} 0-1

[Event "2nd Guotai Cup Belt Road 2019"]
[Site "Qinhuangdao"]
[Date "2019.04.21"]
[Round "6.8"]
[White "Karthik Venkataraman"]
[Black "Peng, Xiongjian"]
[Result "1-0"]
[WhiteElo "2505"]
[BlackElo "2459"]
[Annotator "TA"]
[PlyCount "75"]
[EventDate "2019.04.16"]
[EventType "swiss"]
[EventCountry "CHN"]
[SourceTitle "playchess.com"]
[Source "ChessBase"]
[SourceQuality "1"]

{[%evp 9,75,29,33,31,37,25,35,25,34,29,43,0,0,2,37,31,42,31,35,24,47,36,59,40,92,77,80,60,76,64,52,46,55,65,60,54,49,40,52,57,43,37,53,45,388,381,531,515,457,87,393,462,466,464,459,436,447,457,468,464,453,423,5816,5816,29962,29963,29997,29998]} 1. d4 d5 2. c4 e6 3. Nc3 a6 4. cxd5 exd5 5. Nf3 Nf6 6. Bg5 {D37: Queen's Gambit Declined: 5 Bf4} Be6 7. e3 Nbd7 8. Bd3 {White is slightly better.} Bd6 (8... h6 9. Bf4 g5 10. Bg3 Nh5 11. Be5 Nhf6 12. Bg3 Nh5 13. Ne2 Nxg3 14. Nxg3 {1-0 (61) Leko,P (2679)-Caruana,F (2832) Germany 2019}) 9. Qc2 h6 10. Bh4 O-O 11. O-O c5 12. dxc5 $146 ({Predecessor:} 12. Bh7+ Kh8 13. Bf5 Rc8 {1-0 (60) Stachowiak,K (2432)-Voigt,M (2346) Germany 2018}) 12... Nxc5 13. Rfd1 Rc8 14. Rac1 b5 15. Qb1 Be7 16. Ne2 Nfe4 (16... Nxd3 $14 17. Qxd3 Qa5) 17. Bxe4 $1 $16 Bxh4 18. Bxd5 Bxd5 19. Nf4 {[#]} Bxa2 $1 {[%mdl 512]} 20. Qxa2 Ne4 21. g3 Rxc1 22. Rxc1 Bf6 23. Ne6 $36 {[%mdl 2048] White fights for an advantage.} fxe6 24. Qxe6+ {[%mdl 64] Double Attack} Kh8 $1 25. Qxe4 Bxb2 26. Rc6 $1 Qa8 $2 {[%mdl 8192]} (26... Rf6 $14 27. Rc2 Ba3) 27. Nh4 $18 Re8 28. Ng6+ Kg8 29. Qc2 $2 (29. Qd5+ $18 Kh7 30. Qf5 $1 {[%mdl 512]}) 29... Bf6 $2 {[%mdl 8192]} (29... Qb7 $16) 30. Qb3+ Kh7 {[#]} 31. Rxf6 $1 {[%mdl 512] Black must now prevent Qf7!} Rc8 {( -> ...Rc1+)} (31... gxf6 32. Qf7#) 32. f3 Rc1+ 33. Kg2 {White wants to mate with Nf8+.} Qc8 {aiming for ...Qc2+.} 34. Re6 Rc2+ 35. Kh3 {Hoping for Qd5.} Rc3 (35... Rc6 $142) 36. Qd5 Rxe3 {[#]} 37. Qf5 $1 {[%mdl 512]} Qc3 38. Ne7+ {Accuracy: White = 70%, Black = 27%.} 1-0

[Event "2nd Guotai Cup Belt Road 2019"]
[Site "Qinhuangdao"]
[Date "2019.04.21"]
[Round "6.9"]
[White "Fang, Yuxiang"]
[Black "Huang, Renjie"]
[Result "1/2-1/2"]
[WhiteElo "2472"]
[BlackElo "2338"]
[Annotator "TA"]
[PlyCount "63"]
[EventDate "2019.04.16"]
[EventType "swiss"]
[EventCountry "CHN"]
[SourceTitle "playchess.com"]
[Source "ChessBase"]
[SourceQuality "1"]

{[%evp 20,63,0,0,0,0,0,0,0,0,0,-2,58,48,86,6,53,36,68,25,26,20,71,52,51,51,106,97,92,53,44,43,83,18,19,8,16,0,0,0,0,0,0,0,2933,-121]} 1. Nf3 Nf6 2. g3 g6 3. b3 Bg7 4. Bb2 O-O 5. Bg2 d6 6. d4 c6 7. O-O Nbd7 8. c4 Re8 9. Nc3 e5 10. dxe5 dxe5 11. Ng5 e4 {E67: King's Indian: Fianchetto: 6...Nbd7} (11... Nc5 12. b4 Qb6 13. a3 Bf5 14. e4 Bg4 15. Qc2 Ne6 16. Nxe6 Bxe6 17. c5 Qc7 18. Rfd1 h5 19. Rd6 {½-½ (119) Dreev,A (2653)-Yu,Y (2760) chess.com INT 2018}) 12. Qc1 $146 {[%cal Rg5e4]} ({Predecessor:} 12. Qc2 e3 13. Nce4 Nxe4 14. Nxe4 Bxb2 15. Qxb2 f5 16. Nd6 Re6 17. Rad1 Qe7 18. Qd4 Nf6 19. f4 {1-0 (34) Li,B (2383)-Sean,W (2406) Budapest 2017}) 12... e3 {And now ...exf2+ would win.} 13. f4 Nc5 {The position is equal.} 14. b4 Ne6 15. b5 c5 ({Better is} 15... Nd4 $11) 16. Nxe6 $1 $14 Bxe6 17. Rd1 (17. Bxb7 $16 {Threatens to win with Nd5.} Bxc4 18. f5) 17... Qc8 18. Nd5 Nxd5 19. Bxd5 Bxb2 20. Qxb2 h5 (20... Bf5 $11 {keeps the balance.}) 21. Qf6 Qc7 22. a4 Qd8 (22... Bxd5 $14 23. Rxd5 (23. cxd5 Qd8 $11) 23... Rad8) 23. Qxd8 Raxd8 24. Bxe6 fxe6 $16 {[%mdl 4096] Endgame KRR-KRR} 25. Kg2 Rd2 26. Rxd2 ({White should try} 26. Kf3 $16) 26... exd2 {KR-KR} 27. Rd1 Rd8 28. e3 Rd3 29. Kf3 Kf7 30. Ke2 Rc3 31. Kxd2 Ke7 $2 {[%mdl 8192] [#]} (31... Rxc4 $11 32. Rc1 Rxc1 33. Kxc1 e5) 32. Ke2 $2 {Accuracy: White = 58%, Black = 44%.} (32. Kxc3 $18 Ke8 33. e4) 1/2-1/2

[Event "2nd Guotai Cup Belt Road 2019"]
[Site "Qinhuangdao"]
[Date "2019.04.21"]
[Round "6.10"]
[White "Zhang, Ziji"]
[Black "Sun, Chao"]
[Result "1/2-1/2"]
[WhiteElo "2414"]
[BlackElo "2063"]
[Annotator "TA"]
[PlyCount "83"]
[EventDate "2019.04.16"]
[EventType "swiss"]
[EventCountry "CHN"]
[SourceTitle "playchess.com"]
[Source "ChessBase"]
[SourceQuality "1"]

{[%evp 18,83,27,34,31,20,26,21,25,14,13,0,58,54,158,81,86,96,178,164,158,121,144,59,54,0,0,0,0,0,0,0,0,0,0,0,0,-2,13,15,11,13,18,6,31,-16,-19,-22,0,-55,-26,-31,-12,-27,-10,-24,-8,-14,-8,-8,-8,-8,-8,-9,0,0,0,0]} 1. d4 e6 2. c4 Nf6 3. Nf3 d5 4. Nc3 Bb4 5. cxd5 exd5 6. Bg5 h6 7. Bh4 g5 8. Bg3 Ne4 9. Nd2 Nxc3 10. bxc3 Bxc3 {D38: Queen's Gambit Declined: Ragozin Defence (4 Nf3 Bb4)} 11. Rc1 Ba5 12. h4 g4 13. e3 c6 14. Be2 {[#]} Rg8 $146 (14... f5 $11) ({Predecessor:} 14... Be6 15. O-O h5 16. e4 Bb6 17. exd5 cxd5 18. Nb3 {½-½ (36) Gelfand,B (2695)-Bareev,E (2670) Polanica Zdroj 1997}) 15. O-O $14 Bc7 (15... f5 $14) 16. Bxc7 (16. e4 $142) 16... Qxc7 $16 17. e4 Be6 (17... Qd8 $16) 18. exd5 $18 Bxd5 19. Re1 ({Don't take} 19. Bxg4 $6 Nd7 $14) 19... g3 {[#] ( -> ...gxf2+)} 20. Bc4+ (20. Bf3+ $1 $16 Kd8 21. Re2) 20... Kd8 $14 21. f3 (21. Bxd5 $1 $14 gxf2+ 22. Kxf2 Qg3+ {[%mdl 64] Double Attack} 23. Kg1 cxd5 24. Re2) 21... Qf4 $11 22. Nf1 {And now Bxd5 would win.} Nd7 23. Bxd5 cxd5 24. Qa4 {Threatens to win with Qa5+.} Rg6 25. Qa5+ Nb6 $1 26. Qc5 {[%csl Ge1][%cal Rc5e7]} Re6 27. Re5 $132 {[%mdl 2112] [#] Decoy. White is fighting back} Rxe5 28. Qc7+ {[%mdl 64] Pin} Ke8 29. Qxe5+ Qxe5 30. dxe5 {[%mdl 4096] Endgame KRN-KRN} Rc8 (30... d4 {seems wilder.} 31. Nxg3 Rd8 32. Nf5 d3 33. Nd6+ Kf8) 31. Re1 Rc2 {Threatening ...Nc4.} 32. Nxg3 Rxa2 33. h5 ({White should play} 33. Nf5 $11) 33... d4 34. Rd1 $1 Nd5 {White must now prevent ...Ne3.} 35. Rxd4 Ne3 36. Ne4 Rxg2+ 37. Kh1 {Black should prevent Nf6+.The position is equal.} Rb2 {...Ke7 is the strong threat.} 38. Nf6+ Ke7 {Strongly threatening ...Ke6.} 39. Ng8+ $1 Ke6 {aiming for ...Nf5.} 40. Nxh6 Nf5 41. Nxf5 Kxf5 42. h6 {Accuracy: White = 70%, Black = 42%.} 1/2-1/2

[Event "2nd Guotai Cup Belt Road 2019"]
[Site "Qinhuangdao"]
[Date "2019.04.24"]
[Round "7.1"]
[White "Dai, Changren"]
[Black "Idani, Pouya"]
[Result "0-1"]
[WhiteElo "2472"]
[BlackElo "2590"]
[Annotator "TA"]
[PlyCount "68"]
[EventDate "2019.04.16"]
[EventType "swiss"]
[EventCountry "CHN"]
[SourceTitle "playchess.com"]
[Source "ChessBase"]
[SourceQuality "1"]

{[%evp 20,68,36,10,14,0,11,6,33,0,13,6,8,7,44,0,0,0,0,-33,-24,-25,-24,-43,-37,-66,-66,-85,-71,-75,-66,-71,-54,-61,-61,-103,-116,-289,-309,-308,-298,-278,-287,-760,-759,-746,-699,-693,-332,-722,-720]} 1. e4 e5 2. Nf3 Nc6 3. Bb5 Nf6 4. O-O Nxe4 5. d4 Nd6 6. Bxc6 dxc6 7. dxe5 Nf5 8. Qxd8+ Kxd8 9. Nc3 Ke8 10. b3 a5 11. Bb2 h5 {C67: Ruy Lopez: Berlin Defence: 4 0-0 Nxe4} (11... Bb4 12. Rad1 Bxc3 13. Bxc3 c5 14. h3 h5 15. Rfe1 b6 16. Ng5 Rh6 17. f4 h4 18. Kf2 Bb7 19. Rd2 c4 20. e6 f6 21. Nf3 cxb3 22. cxb3 {0-1 (44) Solomon,S (2396)-Pashikian,A (2639) Khanty-Mansiysk 2010}) 12. a4 $146 ({Predecessor:} 12. Rfe1 Be7 13. a4 Be6 14. Ne4 Rd8 15. Rad1 Rxd1 16. Rxd1 Rh6 17. Neg5 Bc8 18. g3 b6 19. h4 {½-½ (35) Kovalev,A (2495)-Gorbatov,A (2430) Cappelle-la-Grande 1996}) 12... b6 13. Ne2 Be7 {The position is equal.} 14. Ned4 c5 15. Nb5 Bd8 $1 16. Rad1 Rh6 17. Bc1 Rg6 18. Rfe1 Bb7 $36 {[%mdl 2048] Strongly threatening ...Bxf3. Black has good play.} 19. Rd3 Nd4 20. Nbxd4 cxd4 21. h4 Rg4 22. e6 Bf6 23. exf7+ Kxf7 24. g3 Re4 25. Rdd1 $1 Rae8 26. Rxe4 Bxe4 27. Ne1 Bf5 28. Bd2 $2 {[#]} (28. Kf1 $17 {was worth a try.}) 28... Rxe1+ $1 $19 {[%mdl 576] Remove Defender} 29. Rxe1 {With the idea Rc1.} Bxc2 {KRB-KB} 30. Rc1 d3 31. b4 $2 (31. Re1) 31... axb4 32. Bxb4 c5 33. Bd2 Bxa4 (33... c4 $142 34. Bb4 Bb2) 34. Kf1 $2 (34. Rc4 Bd7 35. f3) 34... Bc2 {Accuracy: White = 36%, Black = 60%.} 0-1

[Event "2nd Guotai Cup Belt Road 2019"]
[Site "Qinhuangdao"]
[Date "2019.04.24"]
[Round "7.2"]
[White "Wang, Hao"]
[Black "Antipov, Mikhail Al."]
[Result "1-0"]
[WhiteElo "2726"]
[BlackElo "2605"]
[Annotator "TA"]
[PlyCount "63"]
[EventDate "2019.04.16"]
[EventType "swiss"]
[EventCountry "CHN"]
[SourceTitle "playchess.com"]
[Source "ChessBase"]
[SourceQuality "1"]

{[%evp 9,63,27,22,27,14,22,22,13,39,39,49,37,62,46,70,68,85,70,80,62,57,70,93,93,94,67,73,69,88,69,88,22,85,68,72,23,62,65,190,162,279,287,402,369,412,395,285,417,385,413,417,377,510,504,475,469]} 1. d4 Nf6 2. c4 c6 3. Nf3 d5 4. Nc3 a6 5. c5 g6 6. g3 {D15: Slav Defence: 4 Nc3 a6 and gambit lines after 4 Nc3 dxc4} (6. Bf4 Bg7 7. h3 O-O 8. e3 Bf5 9. Be2 Nbd7 10. Ne5 Ne4 11. Nxe4 Bxe4 12. O-O Nxe5 13. Bxe5 f6 14. Bg3 e5 15. Qd2 Qe7 16. b4 {½-½ (34) Yu,Y (2751)-Artemiev,V (2691) Huaian 2017}) 6... Bg7 7. Bg2 O-O 8. O-O {The position is equal.} Ne8 9. Bf4 Nc7 10. Qd2 Re8 11. Rad1 $36 {[%mdl 2048] Black is under pressure.} Nd7 12. Rfe1 $146 ({Predecessor:} 12. Bh6 e5 13. Bxg7 Kxg7 14. e4 exd4 15. Qxd4+ Qf6 16. exd5 cxd5 17. Nxd5 Nxd5 18. Qxd5 Qxb2 {1-0 (84) Miesbauer,J (2186)-Desoye,G (1776) Bayerisch Eisenstein 2017}) 12... b6 13. cxb6 Nxb6 14. b3 Ne6 15. Bh6 Bh8 16. e4 dxe4 17. Rxe4 Qd6 18. Ree1 Rd8 19. Qc1 Qc7 20. Ne5 (20. Rd3 $16) 20... Bxe5 (20... Rxd4 $11 21. Nxc6 Rxd1 22. Rxd1 (22. Nxd1 Bb7 $11) 22... Bb7) 21. Rxe5 $16 Rxd4 22. Rxd4 Qxe5 23. Rb4 Qc5 {[#]} (23... Rb8 $14) 24. a3 $1 $18 {Be3 is the strong threat.} Nd4 (24... Nd7 $142) 25. Qd1 Qxc3 (25... Ne6 $142 26. Be3 Qxc3) 26. Rxd4 {[%cal Rd4d8]} Bd7 27. Rxd7 Nxd7 28. Qxd7 {[%mdl 64] Double Attack} Qa1+ 29. Bf1 Qf6 30. h4 Qd6 {[#]} 31. Qb7 $1 {[%mdl 64] Double Attack} Rb8 32. Qxa6 {Accuracy: White = 75%, Black = 46%.} 1-0

[Event "2nd Guotai Cup Belt Road 2019"]
[Site "Qinhuangdao"]
[Date "2019.04.24"]
[Round "7.3"]
[White "Oparin, Grigoriy"]
[Black "Zvjaginsev, Vadim"]
[Result "1/2-1/2"]
[WhiteElo "2624"]
[BlackElo "2641"]
[Annotator "TA"]
[PlyCount "46"]
[EventDate "2019.04.16"]
[EventType "swiss"]
[EventCountry "CHN"]
[SourceTitle "playchess.com"]
[Source "ChessBase"]
[SourceQuality "1"]

{[%evp 12,46,33,36,17,16,18,-4,0,-6,3,-10,-5,-12,-12,-10,-8,-11,-13,-37,-40,-58,-17,-28,-21,-17,0,-2,-14,-10,0,0,18,20,31,26,42]} 1. c4 c5 2. Nc3 Nf6 3. g3 e6 4. Nf3 d5 5. cxd5 Nxd5 6. Bg2 Nc6 7. O-O Qb6 {A34: Symmetrical English: 2 Nc3, lines with ...d5} (7... Be7 8. Nxd5 Qxd5 9. d4 Qd8 10. dxc5 Qxd1 11. Rxd1 Bxc5 12. Bf4 f6 13. Rac1 Be7 14. Nd2 Bd7 15. Be3 Kf7 {½-½ (140) Martirosyan,H (2607)-Harikrishna,P (2730) chess.com INT 2019}) 8. Na4 Qa5 9. d3 $146 ({Predecessor:} 9. d4 cxd4 10. Nxd4 Bd7 11. Nc3 Nxc3 12. bxc3 e5 13. Nxc6 Bxc6 14. Bxc6+ bxc6 15. Qd3 {½-½ (34) Semmelroth,H (2283)-Warzecha,H (2250) ICCF email 2014}) 9... Be7 {The position is equal.} 10. Bd2 Qd8 11. Qb3 O-O 12. Rfd1 b6 13. Rac1 Nd4 14. Nxd4 cxd4 15. Qc4 Bf6 16. b4 Bd7 17. Qb3 Rc8 18. b5 h6 (18... Nc7 {is more complex.} 19. Bb7 Rb8 20. Bc6 Re8 21. Nb2 Nd5) 19. Rxc8 Bxc8 20. Rc1 Bd7 21. Nb2 Nc3 22. Bxc3 dxc3 23. Nd1 Qc7 $1 {Accuracy: White = 58%, Black = 58%.} 1/2-1/2